[Event "BCF-chT4S 1819 (4NCL)"]
[Site "England"]
[Date "2019.02.10"]
[Round "6.72"]
[White "Tivillier, Jacques"]
[Black "Ingram, Keith R"]
[Result "1-0"]
[WhiteElo "1915"]
[BlackElo "1965"]
[PlyCount "93"]
[EventDate "2018.11.17"]
[EventType "team-swiss"]
[EventRounds "11"]
[EventCountry "ENG"]
[SourceTitle "EXT 2021"]
[Source "ChessBase"]
[SourceDate "2020.10.23"]
[SourceVersion "1"]
[SourceVersionDate "2020.10.23"]
[SourceQuality "1"]
[WhiteTeam "Celtic Tigers II"]
[BlackTeam "Warwicks Select II"]
[WhiteTeamCountry "ENG"]
[BlackTeamCountry "ENG"]

1. e4 e5 2. Nf3 Nf6 3. Nxe5 d6 4. Nf3 Nxe4 5. Nc3 Nxc3 6. dxc3 Be7 7. Be3 0-0 8. Qd2 Nc6 9. 0-0-0 Bg4 10. h3 Bh5 11. g4 Bg6 12. Be2 Be4 13. Rhg1 Ne5 14. Nd4 c5 15. Nf5 Bf3 16. Rg3 Bxe2 17. Qxe2 Re8 18. Bxc5 Bg5+ 19. Be3 d5 20. f4 Bh4 21. fxe5 Bxg3 22. Nxg3 Rxe5 23. Qd3 Qa5 24. Bd4 Re6 25. a3 Rae8 26. Qf5 Qb5 27. Nh5 Re1 28. Qd3 Rxd1+ 29. Qxd1 Re2 30. Nxg7 Rh2 31. Nf5 Rxh3 32. Ne7+ Kf8 33. Nxd5 Qc4 34. b3 Qc6 35. c4 Qh6+ 36. Kb2 Rh1 37. Bc5+ Kg7 38. Qd4+ f6 39. Ne3 Qh3 40. Qd7+ Kg6 41. Bd4 Qf3 42. Qe6 Kg5 43. Qf7 Re1 44. Qg7+ Kh4 45. Qxh7+ Kg3 46. Qc7+ Qf4 47. Qxf4+ 1-0

[Event "BCF-chT3N 1718 (4NCL)"]
[Site "England"]
[Date "2018.05.07"]
[Round "11.54"]
[White "Hilton, Tim"]
[Black "Ingram, Keith R"]
[Result "1/2-1/2"]
[WhiteElo "1845"]
[BlackElo "1951"]
[PlyCount "90"]
[EventDate "2017.11.11"]
[EventType "team-swiss"]
[EventRounds "11"]
[EventCountry "ENG"]
[SourceTitle "EXT 2020"]
[Source "ChessBase"]
[SourceDate "2019.10.17"]
[SourceVersion "1"]
[SourceVersionDate "2019.10.17"]
[SourceQuality "1"]
[WhiteTeam "Manchester Manticores II"]
[BlackTeam "Warwicks Select II"]
[WhiteTeamCountry "ENG"]
[BlackTeamCountry "ENG"]

1. c4 e5 2. g3 Nf6 3. Bg2 Nc6 4. Nc3 Bb4 5. e4 0-0 6. Nge2 d6 7. 0-0 Bg4 8. h3 Be6 9. d3 Bc5 10. Kh2 Ne8 11. Be3 Nd4 12. Rb1 a5 13. f4 Nxe2 14. Qxe2 Bxe3 15. Qxe3 f6 16. f5 Bf7 17. b4 axb4 18. Rxb4 Ra3 19. Qd2 Qa8 20. Rfb1 Qa5 21. R1b3 Rxb3 22. Rxb3 b6 23. Qe3 g6 24. h4 Ng7 25. g4 Ra8 26. Bh3 Qc5 27. Qg3 Ra3 28. fxg6 hxg6 29. Qf3 Ne8 30. g5 Rxb3 31. axb3 Qb4 32. Nd5 Qd2+ 33. Qg2 Qxg2+ 34. Kxg2 Bxd5 35. cxd5 Kf7 36. Bg4 Ng7 37. Kf3 Nh5 38. Bxh5 gxh5 39. gxf6 Kxf6 40. Ke3 Ke7 41. Kd2 Kd7 42. Kc3 c6 43. Kc4 Kc7 44. dxc6 Kxc6 45. b4 b5+ 1/2-1/2

[Event "BCF-chT2 1617 (4NCL) Demotion pool"]
[Site "England"]
[Date "2017.05.01"]
[Round "11.55"]
[White "Ingram, Keith R"]
[Black "Verma, Aditya"]
[Result "0-1"]
[WhiteElo "1970"]
[BlackElo "2067"]
[PlyCount "62"]
[EventDate "2016.11.19"]
[EventType "team-tourn"]
[EventRounds "11"]
[EventCountry "ENG"]
[SourceTitle "EXT 2019"]
[Source "ChessBase"]
[SourceDate "2018.10.10"]
[SourceVersion "1"]
[SourceVersionDate "2018.10.10"]
[SourceQuality "1"]
[WhiteTeam "Warwicks Select II"]
[BlackTeam "KJCA Kings"]
[WhiteTeamCountry "ENG"]
[BlackTeamCountry "ENG"]

1. e4 c5 2. Nf3 d6 3. d4 cxd4 4. Nxd4 Nf6 5. Nc3 g6 6. f4 Nc6 7. Nxc6 bxc6 8. e5 Ng4 9. Be2 h5 10. h3 Nh6 11. Be3 Bg7 12. Bf3 d5 13. g4 hxg4 14. hxg4 f5 15. g5 Ng4 16. Rxh8+ Bxh8 17. Bg1 Rb8 18. Rb1 Qa5 19. Qd2 Bg7 20. a3 Bd7 21. Nd1 Qa4 22. Bc5 Kf7 23. b3 Qa6 24. Qe2 Qa5+ 25. Bb4 Qb6 26. Nf2 Rh8 27. c4 Rh2 28. c5 Qb8 29. Bxg4 fxg4 30. Qe3 Qh8 31. Qg3 Rh1+ 0-1

[Event "BCF-chT2a 1617 (4NCL)"]
[Site "England"]
[Date "2017.01.15"]
[Round "4.47"]
[White "Head, Louise"]
[Black "Ingram, Keith R"]
[Result "1/2-1/2"]
[WhiteElo "2029"]
[BlackElo "1977"]
[PlyCount "121"]
[EventDate "2016.11.19"]
[EventType "team-tourn"]
[EventRounds "11"]
[EventCountry "ENG"]
[SourceTitle "EXT 2019"]
[Source "ChessBase"]
[SourceDate "2018.10.10"]
[SourceVersion "1"]
[SourceVersionDate "2018.10.10"]
[SourceQuality "1"]
[WhiteTeam "CSC Dragons"]
[BlackTeam "Warwicks Select II"]
[WhiteTeamCountry "ENG"]
[BlackTeamCountry "ENG"]

1. d4 e6 2. c4 d5 3. Nf3 Be7 4. Nc3 Nf6 5. Bg5 h6 6. Bh4 0-0 7. e3 b6 8. cxd5 exd5 9. Qc2 Bb7 10. Bd3 Nbd7 11. 0-0 Ne4 12. Nxd5 Bxh4 13. Bxe4 Rb8 14. Nb4 c5 15. Bxb7 cxb4 16. Nxh4 Rxb7 17. Nf3 Rc7 18. Qa4 Qe7 19. Rfc1 Rfc8 20. Qd1 Nf6 21. h3 Qe6 22. Rxc7 Rxc7 23. Ne5 a5 24. Nd3 Ne4 25. Nf4 Qc4 26. Nd3 Qc2 27. Qxc2 Rxc2 28. Rd1 Nd2 29. Rc1 Rxc1+ 30. Nxc1 a4 31. f3 Nc4 32. Nd3 b3 33. axb3 Nxb2 34. Nc1 Nd1 35. e4 b5 36. bxa4 bxa4 37. Na2 Kf8 38. Kf1 Ne3+ 39. Kf2 Nc4 40. Ke2 Ke7 41. Nc3 a3 42. Kd3 Nd6 43. Kc2 Nc4 44. Nd5+ Kd6 45. Kb1 f5 46. Ka2 g5 47. Nb4 f4 48. Nd3 h5 49. Kb3 Ne3 50. Ne1 g4 51. hxg4 hxg4 52. Kxa3 Nxg2 53. e5+ Kd7 54. Nd3 gxf3 55. Kb4 Ke6 56. Kc5 Kf5 57. Nf2 Ne3 58. Kd6 Nc4+ 59. Kd5 Ne3+ 60. Kc6 Nc4 61. Kd5 1/2-1/2

[Event "BCF-chT3S 1415 (4NCL)"]
[Site "England"]
[Date "2014.11.16"]
[Round "2.225"]
[White "Gallagher, Daniel GH"]
[Black "Ingram, Keith R"]
[Result "1/2-1/2"]
[WhiteElo "1753"]
[BlackElo "2009"]
[PlyCount "93"]
[EventDate "2014.11.15"]
[EventType "team-swiss"]
[EventRounds "6"]
[EventCountry "ENG"]
[SourceTitle "CBM 163 Extra"]
[Source "ChessBase"]
[SourceDate "2014.12.23"]
[SourceVersion "1"]
[SourceVersionDate "2014.12.23"]
[SourceQuality "1"]
[WhiteTeam "Check Us Out"]
[BlackTeam "Warwicks Select II"]
[WhiteTeamCountry "ENG"]
[BlackTeamCountry "ENG"]

1. e4 e5 2. Nf3 Nc6 3. Bb5 a6 4. Ba4 Nf6 5. 0-0 Be7 6. d3 d6 7. c3 0-0 8. Re1 b5 9. Bb3 Na5 10. Bc2 c5 11. Nbd2 Bb7 12. Nf1 Re8 13. Ng3 g6 14. h3 Bf8 15. Bg5 h6 16. Bd2 Bg7 17. a4 Qc7 18. d4 Nc4 19. Bc1 cxd4 20. cxd4 Rec8 21. Bb3 Na5 22. Ba2 Nc6 23. Be3 exd4 24. Nxd4 Nxd4 25. Bxd4 bxa4 26. Qxa4 Qd7 27. Qxd7 Nxd7 28. Bxg7 Kxg7 29. Red1 Rc6 30. Bd5 Rb6 31. Bxb7 Rxb7 32. Rxd6 a5 33. Rd5 a4 34. Ra2 Kf6 35. Ne2 Ne5 36. Nc3 Nc4 37. Rxa4 Rxa4 38. Nxa4 Rb4 39. Kh2 Nxb2 40. Nxb2 Rxb2 41. Kg3 Rb3+ 42. f3 Rb2 43. h4 h5 44. Ra5 Re2 45. Rb5 Ke6 46. Ra5 Kf6 47. Rb5 1/2-1/2

[Event "BCF-chT3S 1314 (4NCL)"]
[Site "England"]
[Date "2014.01.12"]
[Round "4.238"]
[White "Breed, Greg"]
[Black "Ingram, Keith R"]
[Result "1/2-1/2"]
[WhiteElo "1724"]
[BlackElo "2011"]
[PlyCount "82"]
[EventDate "2013.11.16"]
[EventType "team-swiss"]
[EventRounds "6"]
[EventCountry "ENG"]
[SourceTitle "EXT 2015"]
[Source "ChessBase"]
[SourceDate "2014.11.20"]
[SourceVersion "1"]
[SourceVersionDate "2014.11.20"]
[SourceQuality "1"]
[WhiteTeam "Cambridge III"]
[BlackTeam "Warwicks Select II"]
[WhiteTeamCountry "ENG"]
[BlackTeamCountry "ENG"]

1. d4 Nf6 2. Nf3 e6 3. c4 b6 4. Nc3 Bb7 5. a3 Be7 6. e3 d5 7. cxd5 exd5 8. Bb5+ c6 9. Bd3 0-0 10. 0-0 Nbd7 11. b4 c5 12. bxc5 bxc5 13. Rb1 Rb8 14. Qa4 a5 15. Bf5 g6 16. Bh3 Bd6 17. Bd2 Nb6 18. Qxa5 Nc4 19. Qxd8 Rfxd8 20. Nb5 Bf8 21. dxc5 Bxc5 22. Bb4 Ne4 23. Bxc5 Nxc5 24. Rfd1 Ra8 25. g3 Bc6 26. Nfd4 Bxb5 27. Rxb5 Ne4 28. Nc6 Rd6 29. Ne7+ Kf8 30. Nxd5 Rxa3 31. Rc1 Ne5 32. Bg2 Nd2 33. f4 Ng4 34. e4 Rda6 35. Rb8+ Kg7 36. Rbc8 Nf3+ 37. Bxf3 Rxf3 38. R8c2 Ra4 39. Nc3 Rc4 40. Nd1 Rxe4 41. Nf2 Nxf2 1/2-1/2

[Event "BCF-chT3S 1314 (4NCL)"]
[Site "England"]
[Date "2013.11.17"]
[Round "2.146"]
[White "Ingram, Keith R"]
[Black "Mossong, Hubert"]
[Result "0-1"]
[WhiteElo "2022"]
[BlackElo "2121"]
[PlyCount "112"]
[EventDate "2013.11.16"]
[EventType "team-swiss"]
[EventRounds "6"]
[EventCountry "ENG"]
[SourceTitle "CBM 157 Extra"]
[Source "ChessBase"]
[SourceDate "2013.12.19"]
[SourceVersion "1"]
[SourceVersionDate "2013.12.19"]
[SourceQuality "1"]
[WhiteTeam "Warwicks Select II"]
[BlackTeam "Leeds University Old Boys"]
[WhiteTeamCountry "ENG"]
[BlackTeamCountry "ENG"]

1. e4 d6 2. d4 Nf6 3. Nc3 c6 4. a4 Qa5 5. Bd2 e5 6. Nd5 Qd8 7. Nxf6+ Qxf6 8. Bc3 Be7 9. Nf3 Bg4 10. dxe5 dxe5 11. Be2 Bxf3 12. Bxf3 Na6 13. 0-0 Rd8 14. Qe2 Bb4 15. Qc4 Qe7 16. Rfd1 0-0 17. Be2 Bxc3 18. Qxc3 Nc5 19. Qa3 Rfe8 20. f3 Kf8 21. c3 Ne6 22. Qxe7+ Kxe7 23. Kf2 a5 24. Ke3 Rxd1 25. Bxd1 Rd8 26. Bc2 f6 27. Rd1 Rxd1 28. Bxd1 Kd6 29. g3 b5 30. b3 Kc5 31. axb5 cxb5 32. f4 b4 33. fxe5 fxe5 34. Kd3 Nc7 35. c4 Ne6 36. h4 Nd4 37. g4 h6 38. Kd2 Ne6 39. Ke3 g5 40. hxg5 hxg5 41. Be2 Nd4 42. Bd1 a4 43. bxa4 Kxc4 44. Kd2 Nc6 45. Kc2 Na5 46. Kb2 Kd4 47. Bc2 Ke3 48. Kc1 Kf4 49. Kd2 Kxg4 50. Ke3 Kg3 51. Bd3 g4 52. Be2 Kh3 53. Kf2 g3+ 54. Kg1 b3 55. Bd1 b2 56. Bc2 g2 0-1

[Event "BCF-chT3S 1213 (4NCL)"]
[Site "England"]
[Date "2013.01.13"]
[Round "4.177"]
[White "Ingram, Keith R"]
[Black "Gupta, Arul"]
[Result "1-0"]
[WhiteElo "2047"]
[BlackElo "1762"]
[PlyCount "107"]
[EventDate "2012.11.03"]
[EventType "team-swiss"]
[EventRounds "6"]
[EventCountry "ENG"]
[SourceTitle "EXT 2014"]
[Source "ChessBase"]
[SourceDate "2013.11.20"]
[SourceVersion "1"]
[SourceVersionDate "2013.11.20"]
[SourceQuality "1"]
[WhiteTeam "Warwicks Select II"]
[BlackTeam "KJCA Knights"]
[WhiteTeamCountry "ENG"]
[BlackTeamCountry "ENG"]

1. e4 e5 2. Bc4 Nc6 3. Nf3 Bc5 4. c3 Nf6 5. d4 exd4 6. cxd4 Bb4+ 7. Kf1 Nxe4 8. d5 Ne7 9. Qd4 Nf6 10. Bg5 Ng6 11. Nbd2 0-0 12. h4 h5 13. Bd3 Be7 14. Ne5 Nxe5 15. Qxe5 d6 16. Qe2 Re8 17. Bxf6 Bxf6 18. Qxh5 g6 19. Bxg6 fxg6 20. Qxg6+ Bg7 21. h5 Re5 22. Nf3 Bf5 23. Qg3 Re4 24. h6 Rg4 25. hxg7 Rxg3 26. Rh8+ Kxg7 27. Rxd8 Rxd8 28. fxg3 Be4 29. Rd1 Rf8 30. Kf2 Rf5 31. Rd4 Bxd5 32. g4 c5 33. Rd2 Bxf3 34. gxf5 Be4 35. Rxd6 Bxf5 36. Rd5 Kf6 37. Rxc5 Be4 38. g3 Ke6 39. Ke3 Bb1 40. a3 Kd6 41. Kd4 Ba2 42. g4 Bb1 43. Rc1 Bg6 44. Rh1 Ke6 45. Rh6 Kf6 46. Kd5 Kg5 47. Rxg6+ Kxg6 48. Kd6 Kg5 49. Kc7 b5 50. Kb7 a5 51. Kb6 b4 52. Kxa5 bxa3 53. bxa3 Kxg4 54. Kb6 1-0

[Event "BCF-chT3S 1213 (4NCL)"]
[Site "England"]
[Date "2012.11.03"]
[Round "1.185"]
[White "Tambini, Jasper"]
[Black "Ingram, Keith R"]
[Result "1-0"]
[WhiteElo "1969"]
[BlackElo "2047"]
[PlyCount "45"]
[EventDate "2012.11.03"]
[EventType "team-swiss"]
[EventRounds "6"]
[EventCountry "ENG"]
[SourceTitle "EXT 2014"]
[Source "ChessBase"]
[SourceDate "2013.11.20"]
[SourceVersion "1"]
[SourceVersionDate "2013.11.20"]
[SourceQuality "1"]
[WhiteTeam "Southampton"]
[BlackTeam "Warwicks Select II"]
[WhiteTeamCountry "ENG"]
[BlackTeamCountry "ENG"]

1. e4 e6 2. d4 d5 3. e5 c5 4. c3 Nc6 5. Nf3 Qb6 6. a3 Bd7 7. b4 cxd4 8. cxd4 Rc8 9. Bb2 Na5 10. Nc3 Nc4 11. Bxc4 dxc4 12. d5 exd5 13. Nxd5 Qg6 14. 0-0 Ne7 15. Nf4 Qf5 16. e6 Bxe6 17. Nxe6 fxe6 18. Nd4 Qg6 19. Qa4+ Kf7 20. Rae1 c3 21. Bc1 Qg4 22. Nxe6 Ng6 23. Qd7+ 1-0

[Event "BCF-chT3S 1112 (4NCL)"]
[Site "England"]
[Date "2012.02.11"]
[Round "5.1"]
[White "Singleton, Michael Peter F"]
[Black "Ingram, Keith R"]
[Result "1-0"]
[WhiteElo "2164"]
[BlackElo "2037"]
[PlyCount "111"]
[EventDate "2011.11.12"]
[EventType "team-swiss"]
[EventRounds "6"]
[EventCountry "ENG"]
[SourceTitle "EXT 2013"]
[Source "ChessBase"]
[SourceDate "2012.11.22"]
[SourceVersion "1"]
[SourceVersionDate "2012.11.22"]
[SourceQuality "1"]
[WhiteTeam "Guildford III"]
[BlackTeam "Warwicks Select II"]
[WhiteTeamCountry "ENG"]
[BlackTeamCountry "ENG"]

1. d4 d5 2. c4 dxc4 3. Nf3 Nf6 4. e3 Bg4 5. Bxc4 e6 6. 0-0 Nbd7 7. Nbd2 c5 8. h3 Bh5 9. Qb3 Qb6 10. Ne5 Qxb3 11. Nxb3 Nxe5 12. dxe5 Nd7 13. f4 Bg6 14. Nd2 h6 15. b3 0-0-0 16. e4 Bh7 17. Kf2 Bg8 18. Ke3 g6 19. Bb2 Bg7 20. Rad1 f6 21. exf6 Bxf6 22. Bxf6 Nxf6 23. Nf3 Rh7 24. Ne5 Rg7 25. g4 Nd7 26. Nxd7 Rdxd7 27. Rxd7 Kxd7 28. Rd1+ Kc7 29. e5 Rd7 30. Rxd7+ Kxd7 31. f5 g5 32. f6 Bf7 33. Bd3 Kc7 34. Be4 b5 35. a3 Kb6 36. Kd3 Ka5 37. Kc3 Kb6 38. Bh7 Kc6 39. Be4+ Kb6 40. b4 a5 41. Bh7 axb4+ 42. axb4 c4 43. Kd4 Kc6 44. Bc2 Be8 45. Be4+ Kb6 46. Ke3 Kc7 47. Kf2 Kd8 48. Kg3 Kd7 49. h4 Kd8 50. h5 Kd7 51. Kf2 Kd8 52. Ke3 Bd7 53. Kd4 Ke8 54. Kc5 Kf8 55. Kd6 Bc8 56. Kc7 1-0

[Event "BCF-chT3 1011 (4NCL)"]
[Site "England"]
[Date "2011.05.02"]
[Round "11.34"]
[White "Truran, Michael C"]
[Black "Ingram, Keith R"]
[Result "1-0"]
[WhiteElo "2195"]
[BlackElo "2078"]
[PlyCount "49"]
[EventDate "2010.11.06"]
[EventType "team-swiss"]
[EventRounds "9"]
[EventCountry "ENG"]
[SourceTitle "EXT 2012"]
[Source "ChessBase"]
[SourceDate "2011.11.24"]
[SourceVersion "1"]
[SourceVersionDate "2011.11.24"]
[SourceQuality "1"]
[WhiteTeam "Brown Jack"]
[BlackTeam "Warwicks Select II"]
[WhiteTeamCountry "ENG"]
[BlackTeamCountry "ENG"]

1. d4 d5 2. c4 e6 3. Nf3 c6 4. Qc2 Nf6 5. g3 Nbd7 6. Bg2 Bd6 7. Bf4 Bxf4 8. gxf4 Ne4 9. Nbd2 f5 10. 0-0 0-0 11. b4 Ndf6 12. Ne5 Nh5 13. e3 Rf6 14. Nxe4 dxe4 15. f3 Nxf4 16. exf4 Qxd4+ 17. Kh1 exf3 18. Bxf3 Qxf4 19. Qe2 Qh4 20. Rad1 Rf8 21. Rg1 Qe7 22. Qd2 a5 23. b5 cxb5 24. cxb5 Qb4 25. Qg5 1-0

[Event "BCF-chT3 1011 (4NCL)"]
[Site "England"]
[Date "2011.03.27"]
[Round "8.35"]
[White "Maguire, Robert"]
[Black "Ingram, Keith R"]
[Result "1/2-1/2"]
[WhiteElo "1925"]
[BlackElo "2078"]
[PlyCount "85"]
[EventDate "2010.11.06"]
[EventType "team-swiss"]
[EventRounds "9"]
[EventCountry "ENG"]
[SourceTitle "EXT 2012"]
[Source "ChessBase"]
[SourceDate "2011.11.24"]
[SourceVersion "1"]
[SourceVersionDate "2011.11.24"]
[SourceQuality "1"]
[WhiteTeam "KJCA Kings"]
[BlackTeam "Warwicks Select II"]
[WhiteTeamCountry "ENG"]
[BlackTeamCountry "ENG"]

1. e4 c5 2. Nf3 Nc6 3. d4 cxd4 4. Nxd4 Nf6 5. Nc3 e5 6. Ndb5 d6 7. Bg5 a6 8. Na3 b5 9. Nd5 Be7 10. Bxf6 Bxf6 11. c3 Be6 12. Nxf6+ gxf6 13. Nc2 f5 14. a4 bxa4 15. Rxa4 fxe4 16. b4 Ke7 17. Rxa6 Rxa6 18. Bxa6 Qb6 19. Qe2 Rg8 20. g3 Bg4 21. Qb5 Rb8 22. Qxb6 Rxb6 23. Bc4 Be6 24. Be2 d5 25. b5 d4 26. bxc6 Rb1+ 27. Bd1 Bg4 28. Kd2 dxc3+ 29. Kxc3 Rxd1 30. Rxd1 Bxd1 31. Ne3 Be2 32. Nc4 f6 33. Kb4 f5 34. Nxe5 Kd6 35. Ka5 Kc7 36. h4 h5 37. Kb4 Kd6 38. c7 Kxc7 39. Kc5 Bd1 40. Ng6 Bb3 41. Ne7 Be6 42. Nc6 Kd7 43. Nd4 1/2-1/2

[Event "BCF-chT3 0910 (4NCL)"]
[Site "England"]
[Date "2010.01.17"]
[Round "4.1"]
[White "Ashton, Adam"]
[Black "Ingram, Keith R"]
[Result "1/2-1/2"]
[WhiteElo "2319"]
[BlackElo "2114"]
[PlyCount "76"]
[EventDate "2009.10.24"]
[EventType "team-tourn"]
[EventRounds "11"]
[EventCountry "ENG"]
[SourceTitle "EXT 2011"]
[Source "ChessBase"]
[SourceDate "2010.11.26"]
[SourceVersion "1"]
[SourceVersionDate "2010.11.26"]
[SourceQuality "1"]
[WhiteTeam "3Cs"]
[BlackTeam "Warwicks Select II"]
[WhiteTeamCountry "ENG"]
[BlackTeamCountry "ENG"]

1. e4 e5 2. Nf3 Nc6 3. Bb5 a6 4. Ba4 Nf6 5. 0-0 Be7 6. Re1 b5 7. Bb3 d6 8. c3 0-0 9. h3 Na5 10. Bc2 c5 11. d4 Nd7 12. Nbd2 cxd4 13. cxd4 Nc6 14. Nb3 a5 15. Be3 a4 16. Nbd2 exd4 17. Nxd4 Nxd4 18. Bxd4 Bf6 19. Nf1 Bxd4 20. Qxd4 Ne5 21. f4 Nc6 22. Qf2 Nb4 23. Bb1 Be6 24. a3 Nc6 25. Bd3 Rb8 26. Rad1 Qb6 27. Ne3 b4 28. axb4 Qxb4 29. Rd2 Rfc8 30. Bb1 a3 31. bxa3 Qxa3 32. f5 Bb3 33. f6 Ne5 34. Nf5 Rc1 35. Kh2 Rxe1 36. Qxe1 Be6 37. Nxg7 Bxh3 38. Qg3 Qxg3+ 1/2-1/2

[Event "BCF-chT3 0809 (4NCL)"]
[Site "Hinckley Island"]
[Date "2009.03.22"]
[Round "8.2"]
[White "Ingram, Keith R"]
[Black "Robertson, J Stuart"]
[Result "1/2-1/2"]
[WhiteElo "2070"]
[BlackElo "2050"]
[PlyCount "72"]
[EventDate "2008.10.18"]
[EventType "team-swiss"]
[EventRounds "11"]
[EventCountry "ENG"]
[SourceTitle "EXT 2010"]
[Source "ChessBase"]
[SourceDate "2010.11.25"]
[SourceVersion "1"]
[SourceVersionDate "2010.11.25"]
[SourceQuality "1"]
[WhiteTeam "Warwicks Select II"]
[BlackTeam "Cambridge II"]
[WhiteTeamCountry "ENG"]
[BlackTeamCountry "ENG"]

1. e4 c5 2. Nf3 Nc6 3. d4 cxd4 4. Nxd4 Nf6 5. Nc3 e5 6. Ndb5 d6 7. a4 a6 8. Na3 Bg4 9. f3 Be6 10. Be3 Rc8 11. Be2 d5 12. exd5 Nxd5 13. Nxd5 Bxd5 14. 0-0 Be7 15. c3 0-0 16. Nc4 Nd4 17. cxd4 exd4 18. Qxd4 Bc5 19. Qf4 g5 20. Qf5 Be6 21. Qe5 Bxc4 22. Bxc5 Re8 23. Qd4 Qxd4+ 24. Bxd4 Bxe2 25. Rfc1 Bc4 26. Rc3 Bd5 27. Rac1 Rxc3 28. Rxc3 Bc6 29. Re3 Bxa4 30. Rxe8+ Bxe8 31. Bf6 h6 32. h4 gxh4 33. Bxh4 Kg7 34. Kf2 Kg6 35. Ke3 Kf5 36. g4+ Kg6 1/2-1/2

[Event "BCF-chT2b 0809 (4NCL)"]
[Site "Hinckley Island"]
[Date "2008.10.05"]
[Round "2.7"]
[White "Wilson, Julie Christine"]
[Black "Ingram, Keith R"]
[Result "0-1"]
[WhiteElo "1935"]
[BlackElo "2070"]
[PlyCount "92"]
[EventDate "2008.10.04"]
[EventType "team-tourn"]
[EventRounds "7"]
[EventCountry "ENG"]
[SourceTitle "EXT 2010"]
[Source "ChessBase"]
[SourceDate "2010.11.25"]
[SourceVersion "1"]
[SourceVersionDate "2010.11.25"]
[SourceQuality "1"]
[WhiteTeam "South Wales Dragons II"]
[BlackTeam "Warwicks Select"]
[WhiteTeamCountry "ENG"]
[BlackTeamCountry "ENG"]

1. d4 d5 2. c4 e6 3. Nf3 f5 4. Nc3 c6 5. e3 Nf6 6. cxd5 exd5 7. Be2 Bd6 8. 0-0 0-0 9. Bd2 Qe8 10. Qc2 Ne4 11. Be1 Rf6 12. Rc1 Nd7 13. Nd2 Rh6 14. f4 Ndf6 15. Nf3 Ng4 16. Qd3 Qh5 17. h3 g5 18. Ne5 gxf4 19. exf4 Nxe5 20. fxe5 Qg5 21. Nxe4 fxe4 22. Qg3 Be7 23. Qxg5+ Bxg5 24. Rc3 Be6 25. Rg3 Rg6 26. Bh5 Rg7 27. Bf2 Rf8 28. Be3 Bxe3+ 29. Rxe3 Rxf1+ 30. Kxf1 Rg5 31. Be2 c5 32. dxc5 Rxe5 33. Rb3 Rf5+ 34. Ke1 Rf7 35. Rb4 Kg7 36. Kd2 Kf6 37. Ke3 Ke5 38. Rd4 Rg7 39. g4 h5 40. Rb4 hxg4 41. hxg4 Rh7 42. Ra4 d4+ 43. Kd2 Rh2 44. Ke1 d3 45. Bd1 Kf4 46. b3 Ke3 0-1